Statistiken für Ziele der Lufthansa

Klicken Sie hier um das Quiz zu spielen!

Allgemein

  • Dieses Quiz wurde 261 mal gespielt
  • Das Durchschnittsergebnis liegt bei 106 aus 188

Antwortstatistiken

LandDestination% Korrekt
ÄgyptenKairo
94%
DeutschlandBerlin
93%
DeutschlandHamburg
93%
DeutschlandMünchen
92%
BelgienBrüssel
89%
Hong KongHong Kong
89%
FrankreichParis
89%
SpanienMadrid
88%
ChinaPeking
88%
ItalienRom
88%
ÖsterreichWien
88%
GriechenlandAthen
87%
FinnlandHelsinki
87%
DeutschlandKöln
87%
DänemarkKopenhagen
87%
PolenWarschau
87%
DeutschlandDüsseldorf
86%
Vereinigtes KönigreichLondon
86%
USANew York
86%
NorwegenOslo
86%
BrasilienRio de Janeiro
86%
JapanTokio
85%
NiederlandeAmsterdam
84%
SpanienBarcelona
84%
ArgentinienBuenos Aires
84%
IrlandDublin
84%
USALos Angeles
84%
SchwedenStockholm
84%
TürkeiIstanbul
83%
PortugalLissabon
83%
DeutschlandStuttgart
83%
RusslandMoskau
82%
Tschechische RepublikPrag
82%
ChinaShanghai
82%
SchweizZürich
82%
DeutschlandLeipzig
81%
ItalienMailand
81%
BrasilienSao Paulo
81%
EstlandTallinn
81%
UkraineKiew
80%
MexikoMexiko Stadt
80%
LettlandRiga
80%
ÖsterreichSalzburg
80%
BulgarienSofia
80%
AlgerienAlgier
79%
UngarnBudapest
79%
RumänienBukarest
79%
LuxemburgLuxemburg
79%
KroatienZagreb
79%
DeutschlandBremen
78%
DeutschlandDresden
78%
USAMiami
78%
PortugalPorto
78%
AlbanienTirana
78%
DeutschlandHannover
77%
FrankreichMarseille
77%
Süd KoreaSeoul
77%
SingapurSingapur
77%
TunesienTunis
77%
ThailandBangkok
76%
FrankreichLyon
76%
USASan Francisco
75%
KanadaToronto
75%
Vereinigte Arabische EmirateDubai
74%
SüdafrikaKapstadt
74%
DeutschlandNürnberg
74%
USAWashington
74%
AserbaidschanBaku
73%
USAChicago
73%
Vereinigtes KönigreichManchester
73%
ItalienNeapel
72%
WeißrusslandMinsk
71%
KanadaOttawa
71%
PanamaPanama City
71%
KanadaVancouver
71%
ItalienVenedig
71%
SüdafrikaJohannesburg
69%
IndienMumbai
68%
IsraelTel Aviv
68%
LitauenVilnius
68%
USADallas
67%
SchweizGenf
67%
ÖsterreichInnsbruck
67%
IslandReykjavik
67%
Vereinigte Arabische EmirateAbu Dhabi
66%
SerbienBelgrad
66%
USABoston
66%
MaledivenMalé
66%
SchweizBasel
65%
IndienNeu-Delhi
65%
JapanOsaka
65%
SpanienValencia
65%
KanadaMontreal
64%
ItalienTurin
64%
KolumbienBogota
63%
PolenDanzig
63%
KuwaitKuwait
63%
IranTeheran
63%
ÄthiopienAddis Abeba
62%
ÖsterreichGraz
62%
KeniaNairobi
62%
USAHouston
61%
PolenKrakau
61%
FrankreichNizza
61%
USAAtlanta
60%
Vereinigtes KönigreichEdinburgh
60%
USASeattle
60%
SpanienPalma de Mallorca
59%
LibanonBeirut
58%
FrankreichBordeaux
58%
ItalienPalermo
57%
Vereinigtes KönigreichBirmingham
56%
SlowenienLjubljana
56%
SpanienSevilla
56%
MarokkoCasablanca
55%
USADenver
55%
ItalienFlorenz
55%
ÖsterreichLinz
55%
FrankreichToulouse
55%
KroatienSplit
52%
GriechenlandThessaloniki
52%
JordanienAmman
50%
KasachstanAstana
50%
USADetroit
50%
ItalienGenua
47%
AngolaLuanda
47%
SpanienBilbao
46%
SchwedenGöteborg
46%
NigeriaLagos
46%
USAPhiladelphia
46%
SpanienMalaga
44%
RusslandSankt Petersburg
44%
ItalienBologna
42%
MaltaMalta
41%
USAOrlando
40%
DeutschlandMünster
39%
KroatienDubrovnik
38%
ItalienBari
37%
SpanienAlicante
34%
DeutschlandFriedrichshafen
33%
KanadaCalgary
32%
SpanienIbiza
32%
DeutschlandPaderborn
32%
ChinaShenzhen
32%
IndienBengaluru
31%
PortugalFaro
31%
NigeriaAbuja
30%
IndienChennai
30%
MexikoCancun
29%
MarokkoMarrakesch
29%
FrankreichStraßburg
29%
ItalienVerona
28%
PortugalFunchal
27%
DänemarkBillund
26%
Vereinigtes KönigreichBristol
26%
PolenPosen
25%
JapanNagoya
24%
KasachstanAlmaty
23%
RumänienCluj
23%
Saudi-ArabienJeddah
22%
MauritiusMauritius
22%
ItalienCatania
20%
ChinaChengdu
20%
NorwegenTromso
20%
USASan Jose
19%
DeutschlandWesterland
19%
Vereinigtes KöngireichAberdeen
18%
Saudi-ArabienRiyadh
16%
SpanienSantiago de Compostela
16%
PolenKattowitz
15%
OmanMuscat
15%
USATampa
14%
ZypernLarnaka
13%
SerbienPristina
11%
PolenWroclaw
11%
SpanienPamplona
9%
ChinaQingdao
9%
ChinaNanjing
8%
DeutschlandHeringsdorf
7%
IrakArbil
6%
Saudi-ArabienDammam
6%
GriechenlandIraklio
6%
PolenBydgoszcz
5%
SchwedenJonkoping
4%
FinnlandIvalo
2%
FinnlandKuusamo
2%
RumänienTemeswar
2%
IndienPoona
0%

Verteilung der Resultate

Perzentil nach korrekt beantworteten Fragen

Anzahl Personen mit jedem Resultat

Ihre Resultats-Entwicklung

Sie haben dieses Quiz noch nicht gespielt